A Resume on the above report =
| Format: | Book |
|---|---|
| Published: |
Roma:
Istituto nazionale per il Commercio Estero,
1997.
|
| Subjects: |
| LEADER | 00515cam a2200157 7i4500 | ||
|---|---|---|---|
| 001 | 0000006973 | ||
| 005 | 19991025090000.0 | ||
| 002 | ##000008698 | ||
| 020 | 0 | 0 | |a T000006540 |
| 090 | 0 | 0 | |a STAT 310.9 |b RES |
| 245 | 0 | 0 | |a A Resume on the above report = |l rapporto sul commercio estero sintesi e prime valutazioni sul 1997. |
| 260 | 0 | 0 | |a Roma: |b Istituto nazionale per il Commercio Estero, |c 1997. |
| 300 | 0 | 0 | |a 60 p.. |
| 650 | 0 | 0 | |a Statistics -- |z Italy |
| 651 | 0 | 0 | |a Italy |
| 999 | |a 0000009362 |b Book |c Open shelf |e Business Information Centre | ||